Bubbles and how to survive them (Record no. 103821)

MARC details
000 -LEADER
fixed length control field 00799cam a2200217 4500
008 - FIXED-LENGTH DATA ELEMENTS--GENERAL INFORMATION
fixed length control field 041019n2004 000 0 eng u
020 ## - INTERNATIONAL STANDARD BOOK NUMBER
International Standard Book Number 1857883489
035 ## - SYSTEM CONTROL NUMBER
System control number (Sirsi) u127752
041 ## - LANGUAGE CODE
Language code of text/sound track or separate title eng.
050 ## - LIBRARY OF CONGRESS CALL NUMBER
Classification number 306.1
-- 18
100 ## - MAIN ENTRY--PERSONAL NAME
Personal name Calverley, J. P.
245 ## - TITLE STATEMENT
Title Bubbles and how to survive them
260 ## - PUBLICATION, DISTRIBUTION, ETC.
Place of publication, distribution, etc. London
Name of publisher, distributor, etc. Nicholas Brealey Publishing
Date of publication, distribution, etc. 2004
300 ## - PHYSICAL DESCRIPTION
Extent xiii, 220p.
Dimensions 24cm.
350 ## - PRICE (NR) (BK AM CF MU VM SE) [OBSOLETE]
Price 20
520 ## - SUMMARY, ETC.
Summary, etc. Examines economic bubbles. Low interest rates have created a housing bubble, with investors turning to property to provide for their retirement. Discusses why bubbles occur, and the impact of them should they burst.
650 ## - SUBJECT ADDED ENTRY--TOPICAL TERM
Topical term or geographic name entry element PROPERTY MARKET
650 ## - SUBJECT ADDED ENTRY--TOPICAL TERM
Topical term or geographic name entry element Investments
9 (RLIN) 6250
690 ## - LOCAL SUBJECT ADDED ENTRY--TOPICAL TERM (OCLC, RLIN)
Topical term or geographic name as entry element PROPERTY-RESIDENTIAL PROPERTY-RESIDENTIAL PROPERTY MARKET
942 ## - ADDED ENTRY ELEMENTS (KOHA)
Suppress in OPAC 0
Holdings
Withdrawn status Lost status Source of classification or shelving scheme Damaged status Not for loan Home library Current library Shelving location Date acquired Cost, normal purchase price Total Checkouts Full call number Barcode Date last seen Date last checked out Copy number Cost, replacement price Price effective from Koha item type
    Other/Generic Classification Scheme     London London Books 06/12/2004 20.00 8 306.1 CAL 30069741 06/08/2019 07/05/2009 1 20.00 06/08/2019 Book